000 002600000a22000970004500
100 1 _aBray, Gerald
245 1 0 _aThe significance of God's image in man
300 _aVol. 2, Num. 42 (Noviembre, 1991), Páginas 195-225
773 0 _tTyndale Bulletin
942 _cANA
999 _c56707
_d56707